V európskej konkurencii mozgov Stojíme pred rozhodujúcimi krokmi vo výchove a vzdelávaní

Perspektíva uplatňovania sa Slovenska v trhovom konkurenčnom prostredí na európskom spoločnom trhu práce. Vzdelávací systém vo východoeurópskych krajinách konkurenčný pre vyspelé krajiny. Ovplyvňovanie procesu vytvárania ľudských zdrojov vyspelými krajinami. Situácia vo výchovno-vzdelávacom systéme...

Description complète

Enregistré dans:
Détails bibliographiques
Auteur principal: Gabčo, P.
Format: Chapitre de livre
Langue:slovaque
Sujets:
Tags: Ajouter un tag
Pas de tags, Soyez le premier à ajouter un tag!

MARC

LEADER 00000naa a2200000 4500
001 r024798
005 20221205091011.9
041 0 |a slo 
044 |a SK 
245 1 0 |a V európskej konkurencii mozgov  |b Stojíme pred rozhodujúcimi krokmi vo výchove a vzdelávaní  |c P. Gabčo 
520 |a Perspektíva uplatňovania sa Slovenska v trhovom konkurenčnom prostredí na európskom spoločnom trhu práce. Vzdelávací systém vo východoeurópskych krajinách konkurenčný pre vyspelé krajiny. Ovplyvňovanie procesu vytvárania ľudských zdrojov vyspelými krajinami. Situácia vo výchovno-vzdelávacom systéme na Slovensku. Návrhy strategických postupov na zabránenie úpadku vzdelanosti spoločnosti a návrh štruktúry stredného vzdelávania v SR. 
610 2 0 |a Slovensko 
610 2 0 |a vzdelávanie 
610 2 0 |a výchova 
610 2 0 |a školstvo 
610 2 0 |a školy stredné 
610 2 0 |a vzdelanosť 
610 2 0 |a sústava výchovno-vzdelávacia 
610 2 0 |a koncepcie 
100 1 |a Gabčo, P.